| Tag |
First Indicator |
Second Indicator |
Subfields |
| LEADER |
00000cam a2200000 i 4500 |
| 001 |
in00005698229 |
| 005 |
20260318165519.8 |
| 006 |
m o d |
| 007 |
cr |n||||||||| |
| 008 |
230531t20232023nyua ob 001 0 eng d |
| 040 |
|
|
|a YDX
|b eng
|e rda
|e pn
|c YDX
|d STBDS
|d YDX
|d OCLCO
|d DXU
|d IUL
|d OCLCO
|d OCLCL
|d SFB
|
| 019 |
|
|
|a 1517274018
|a 1541777619
|
| 020 |
|
|
|a 9780190688400
|q (electronic bk.)
|
| 020 |
|
|
|a 0190688408
|q (electronic bk.)
|
| 020 |
|
|
|z 9780190688370
|
| 020 |
|
|
|z 0190688378
|
| 020 |
|
|
|z 9780190688363
|q (print)
|
| 020 |
|
|
|z 019068836X
|q (print)
|
| 020 |
|
|
|a 9780190688387
|q (electronic bk.)
|
| 020 |
|
|
|a 0190688386
|q (electronic bk.)
|
| 035 |
|
|
|a (OCoLC)1380935810
|z (OCoLC)1517274018
|z (OCoLC)1541777619
|
| 050 |
|
4 |
|a HM851
|b .D878 2023
|
| 082 |
0 |
4 |
|a 302.23/1
|2 23/eng/20230224
|
| 049 |
|
|
|a TXAM
|
| 100 |
1 |
|
|a Dutton, William H.,
|d 1947-
|e author.
|1 https://id.oclc.org/worldcat/entity/E39PBJfGVx8jG8YHVPdt6CW7HC
|
| 245 |
1 |
4 |
|a The fifth estate :
|b the power shift of the digital age /
|c William H. Dutton.
|
| 246 |
3 |
|
|a 5th estate :
|b the power shift of the digital age
|
| 250 |
|
|
|a First edition.
|
| 264 |
|
1 |
|a New York :
|b Oxford University Press,
|c [2023]
|
| 264 |
|
4 |
|c ©2023
|
| 300 |
|
|
|a 1 online resource :
|b illustrations.
|
| 336 |
|
|
|a text
|b txt
|2 rdacontent
|
| 337 |
|
|
|a computer
|b c
|2 rdamedia
|
| 338 |
|
|
|a online resource
|b cr
|2 rdacarrier
|
| 490 |
1 |
|
|a Oxford studies in digital politics
|
| 504 |
|
|
|a Includes bibliographical references and index.
|
| 520 |
|
|
|a "The rise of the press led to the development of an independent institution: the Fourth Estate, central to pluralist democratic processes. In the digital age, the internet and related information and communication technologies are enabling a network power shift - empowering a Fifth Estate. Networked individuals are becoming an independent and highly distributed force for accountability in politics and society. By connecting diverse strands of decades of research with a wide range of case studies, this book explains how this emerging Fifth Estate has been empowered by the ability of ordinary people to search, originate, network, collaborate, and leak information in ways that enhance their informational and communicative power. The Fifth Estate compliments the existing distribution of power in pluralistic societies. It is not a substitute for other estates and more established bases of institutional authority, such as the press and governments, which the Fifth Estate can hold more accountable. However, threats to freedom of expression and privacy online could undermine the promise of the Fifth Estate power shift. To meet this challenge, the book concludes by discussing approaches to the governance and security of the internet and social media that that take advantage of the empowerment of networked individuals and help ensure the vitality the internet can bring to pluralistic processes in democratic politics and across all sectors of society"--
|c Provided by publisher.
|
| 588 |
|
|
|a Description based on online resource; title from home page (Oxford Academic, viewed December 13, 2024).
|
| 505 |
0 |
|
|a Cover -- Series -- The Fifth Estate -- Copyright -- Contents -- List of Figures -- List of Tables -- List of Boxes -- List of Abbreviations and Acronyms -- Introduction: Reconfiguring Informational and Communicative Power -- Part I The Foundations of the Fifth Estate -- 1. The Idea and Evidence of a Fifth Estate -- 2. Fifth Estate Theories of Distributed and Network Power -- Part II Fifth Estate Strategies -- 3. Searching -- 4. Originating -- 5. Networking -- 6. Collaborating -- 7. Leaking -- Part III Shaping the Future of the Fifth Estate -- 8. A Power Shift for Democracy and Society -- 9. Threats to the Fifth Estate -- 10. The Future of the Fifth Estate -- Notes -- Bibliography -- Index.
|
| 650 |
|
0 |
|a Internet
|x Social aspects.
|
| 650 |
|
0 |
|a Information society.
|
| 650 |
|
0 |
|a Pluralism.
|
| 650 |
|
0 |
|a Responsibility.
|
| 650 |
|
6 |
|a Internet
|x Aspect social.
|
| 650 |
|
6 |
|a Société de l'information.
|
| 650 |
|
6 |
|a Pluralisme (Philosophie)
|
| 650 |
|
6 |
|a Responsabilité.
|
| 650 |
|
7 |
|a pluralism.
|2 aat
|
| 650 |
|
7 |
|a Information society
|2 fast
|
| 650 |
|
7 |
|a Internet
|x Social aspects
|2 fast
|
| 650 |
|
7 |
|a Pluralism
|2 fast
|
| 650 |
|
7 |
|a Responsibility
|2 fast
|
| 650 |
|
7 |
|a Sociology & anthropology.
|2 thema
|
| 650 |
|
7 |
|a Media Studies.
|2 ukslc
|
| 655 |
|
7 |
|a Electronic books.
|2 local
|
| 776 |
0 |
8 |
|i Print version:
|a Dutton, William H., 1947-
|t Fifth estate.
|d New York, NY : Oxford University Press, [2023]
|z 9780190688363
|w (DLC) 2022054709
|w (OCoLC)1367232330
|
| 776 |
0 |
8 |
|c Original
|z 9780190688363
|z 019068836X
|z 9780190688370
|z 0190688378
|w (DLC) 2022054709
|w (OCoLC)1367232330
|
| 776 |
0 |
8 |
|c Original
|z 9780190688363
|z 019068836X
|z 9780190688370
|z 0190688378
|w (DLC) 2022054709
|
| 830 |
|
0 |
|a Oxford studies in digital politics.
|
| 856 |
4 |
0 |
|u http://proxy.library.tamu.edu/login?url=https://academic.oup.com/book/46084
|z Connect to the full text of this electronic book
|t 0
|
| 955 |
|
|
|a Oxford Scholarship Online
|
| 994 |
|
|
|a 92
|b TXA
|
| 999 |
f |
f |
|i a38db7a3-9635-419b-b487-6a123aecfdfe
|s bac469e1-bb08-4d92-addc-cc675904c1e6
|t 0
|
| 952 |
f |
f |
|a Texas A&M University
|b College Station
|c Electronic Resources
|s www_evans
|d Available Online
|t 0
|e HM851 .D878 2023
|h Library of Congress classification
|
| 998 |
f |
f |
|a HM851 .D878 2023
|t 0
|l Available Online
|